| Tag |
First Indicator |
Second Indicator |
Subfields |
| LEADER |
00000cam a2200000 a 4500 |
| 001 |
in00001037921 |
| 005 |
20150928123402.0 |
| 008 |
890928s1989 dcua b 000 0 eng d |
| 035 |
|
|
|a (OCoLC)20406938
|
| 035 |
|
|
|9 AFG5968AM
|
| 040 |
|
|
|a STZ
|c STZ
|d CBT
|d UtOrBLW
|
| 049 |
|
|
|a TXAM
|
| 090 |
|
|
|a TG335
|b .G84 1989
|
| 245 |
0 |
0 |
|a Guide specifications for design and construction of segmental concrete bridges, 1989 /
|c American Association of State Highway and Transportation Officials.
|
| 264 |
|
1 |
|a Washington, D.C. :
|b American Association of State Highway and Transportation Officials,
|c 1989.
|
| 300 |
|
|
|a xii, 118 pages :
|b illustrations ;
|c 28 cm.
|
| 336 |
|
|
|a text
|b txt
|2 rdacontent
|
| 337 |
|
|
|a unmediated
|b n
|2 rdamedia
|
| 338 |
|
|
|a volume
|b nc
|2 rdacarrier
|
| 504 |
|
|
|a Bibliography: page 60.
|
| 650 |
|
0 |
|a Concrete bridges
|x Specifications.
|
| 650 |
|
0 |
|a Concrete bridges
|x Design and construction.
|
| 710 |
2 |
|
|a American Association of State Highway and Transportation Officials.
|
| 999 |
|
|
|a MARS
|
| 999 |
f |
f |
|s 2381a6b9-377d-3476-a52f-3fe46a6dce54
|i b74e6f6f-9746-3720-b510-6af3fe293083
|t 0
|
| 952 |
f |
f |
|p normal
|a Texas A&M University
|b College Station
|c Sterling C. Evans Library
|d Evans: Library Stacks
|t 0
|e TG335 .G84 1989
|h Library of Congress classification
|i unmediated -- volume
|m A14822417694
|
| 998 |
f |
f |
|a TG335 .G84 1989
|t 0
|l Evans: Library Stacks
|